000
00334nam a2200133Ia 4500
008
150201s2007 xx 000 0 und d
082
_a
616.01
_b
M07M
100
_a
MURRY,PATRICK R
245
_a
MANUAL OF CLINICAL MICRIOBIOLOGY-II
250
_a
9TH
260
_b
ASM PRESS
_a
WASHINGTON
_c
2007
650
_a
MICROBIOLOGY
942
_2
ddc
_c
BK
999
_c
742
_d
742